[Event "MAR-ch U18"]
[Site "Casablanca"]
[Date "2022.06.01"]
[Round "5"]
[White "Wahidi, Taha"]
[Black "Kriem, Med Amine"]
[Result "1-0"]
[WhiteElo "1771"]
[BlackElo "1704"]
[PlyCount "77"]
[EventDate "2022.06.01"]
[EventType "swiss (rapid)"]
[EventRounds "7"]
[EventCountry "MAR"]
[SourceTitle "EXT 2023"]
[Source "ChessBase"]
[SourceDate "2022.10.05"]
[SourceVersion "1"]
[SourceVersionDate "2022.10.05"]
[SourceQuality "1"]

1. e4 c6 2. Nf3 d5 3. Nc3 Bg4 4. h3 Bxf3 5. Qxf3 e6 6. g3 Nf6 7. Bg2 Nbd7 8. 0-0 g6 9. d4 dxe4 10. Nxe4 Nxe4 11. Qxe4 Bg7 12. c3 0-0 13. Bf4 Qb6 14. Qc2 Nf6 15. Be3 Nd5 16. b3 Nxe3 17. fxe3 Qc7 18. Rad1 Qxg3 19. Rf3 Qc7 20. Rdf1 Rad8 21. Qe4 Rd7 22. h4 c5 23. Rh3 h5 24. Rhf3 cxd4 25. exd4 Rc8 26. Bh3 Re7 27. Re1 Rce8 28. Re2 Rd8 29. Bf1 Red7 30. Rg2 e5 31. Bc4 exd4 32. Rgf2 dxc3 33. Rxf7 Rd1+ 34. Kg2 Qc6 35. Rc7+ Kh7 36. Rxc6 bxc6 37. Bf7 R8d2 38. Qxg6+ Kh8 39. Qxh5+ 1-0